000 00793nam a2200193Ia 4500
003 IN-BaIIA
008 211028s9999 xx s 000 0 eng d
020 _a978-1-107-19263-8 (Print)
022 _a1743-9213 (Print)
022 _a1743-9221 (Online)
040 _cIIA Library
100 _aGriffin, Elizabeth, ed.
_936491
245 0 _aSouthern Horizons in Time-Domain Astronomy
_h[eBook]
260 _aCambridge
_bCambridge University Press
_c2019
300 _aOnline resource
490 _aIAU Symposium; no. 339
856 _uhttps://www.cambridge.org/core/journals/proceedings-of-the-international-astronomical-union/issue/F00A6DDD390A514919DFCED6A9AE21B8
_yClick Here to Access eBook
942 _cEB
999 _c22048
_d22048